[Event "Sydney International Challengers"]
[Site "Parramatta, NSW"]
[Date "2010.04.07"]
[Round "1.14"]
[White "Fernandez, Michael"]
[Black "Roche, Stephen"]
[Result "0-1"]
[WhiteElo "1358"]
[BlackElo "1168"]
[PlyCount "52"]
[EventDate "2010.04.07"]
[EventType "swiss"]
[EventRounds "9"]
[EventCountry "AUS"]
[SourceDate "2010.04.07"]

1. e4 e5 2. Nf3 Nc6 3. d4 exd4 4. Bc4 Nf6 5. e5 d5 6. Bb5 Ne4 7. Nxd4 Bd7 8.
Nxc6 bxc6 9. Bd3 Nc5 10. Nc3 Nxd3+ 11. cxd3 Bb4 12. Bd2 O-O 13. O-O Re8 14. Re1
Bxc3 15. bxc3 c5 16. Be3 Rxe5 17. Bxc5 Rxe1+ 18. Qxe1 Qf6 19. Qd2 a6 20. Re1
Bb5 21. Bd4 Qg6 22. Re3 Qf5 23. h3 Rc8 24. Rg3 f6 25. Qh6 g6 26. Rg5 Qxg5 0-1

[Event "Sydney International Challengers"]
[Site "Parramatta, NSW"]
[Date "2010.04.07"]
[Round "1.15"]
[White "Childs, Stephen"]
[Black "Greenwood, Norman"]
[Result "1-0"]
[WhiteElo "1132"]
[BlackElo "1355"]
[PlyCount "71"]
[EventDate "2010.04.07"]
[EventType "swiss"]
[EventRounds "9"]
[EventCountry "AUS"]
[SourceDate "2010.04.07"]

1. d4 c6 2. e4 d5 3. e5 Bf5 4. Bd3 Bg6 5. f4 e6 6. Nf3 Ne7 7. O-O Qb6 8. c3 c5
9. Kh1 Bh5 10. Be2 Nbc6 11. dxc5 Qxc5 12. b4 Qb6 13. a4 a6 14. Nd4 Bg6 15. Nxc6
Bxb1 16. Nxe7 Bxe7 17. Rxb1 g6 18. Qd3 O-O 19. Be3 Qc7 20. c4 Rfd8 21. cxd5
Rxd5 22. Qc4 Qd8 23. Rfd1 b5 24. axb5 axb5 25. Rxd5 exd5 26. Qxb5 d4 27. Rd1
Rb8 28. Rxd4 Qf8 29. Qd3 Bxb4 30. h3 Bc5 31. Rc4 Be7 32. f5 f6 33. fxg6 fxe5
34. gxh7+ Kh8 35. Rg4 Bf6 36. Rg8+ 1-0

[Event "Sydney International Challengers"]
[Site "Parramatta, NSW"]
[Date "2010.04.07"]
[Round "1.16"]
[White "Koh, Cedric"]
[Black "Accola, Tom"]
[Result "1-0"]
[WhiteElo "1461"]
[BlackElo "839"]
[PlyCount "45"]
[EventDate "2010.04.07"]
[EventType "swiss"]
[EventRounds "9"]
[EventCountry "AUS"]
[SourceDate "2010.04.07"]

1. d4 d5 2. Nf3 Nf6 3. Bg5 e6 4. e3 Be7 5. Bd3 c5 6. c3 c4 7. Bc2 Nc6 8. Nbd2
O-O 9. O-O Qc7 10. Bxf6 Bxf6 11. e4 dxe4 12. Nxe4 Qd8 13. Qe2 Re8 14. Qxc4 a6
15. Rad1 Qe7 16. Qd3 e5 17. Nxf6+ Qxf6 18. Qxh7+ Kf8 19. dxe5 Nxe5 20. Nxe5
Rxe5 21. Qh8+ Ke7 22. Qd8+ Ke6 23. Qd6# 1-0

[Event "Sydney International Challengers"]
[Site "Parramatta, NSW"]
[Date "2010.04.07"]
[Round "1.17"]
[White "Lin, Mark"]
[Black "Simmonds, Leteisha"]
[Result "0-1"]
[WhiteElo "775"]
[BlackElo "1424"]
[PlyCount "60"]
[EventDate "2010.04.07"]
[EventType "swiss"]
[EventRounds "9"]
[EventCountry "AUS"]
[SourceDate "2010.04.07"]

1. e4 e6 2. d4 d5 3. e5 c5 4. c3 Nc6 5. Nf3 Qb6 6. Nbd2 cxd4 7. c4 dxc4 8. Nxc4
Qd8 9. a3 b5 10. Ncd2 Qd5 11. Qe2 a6 12. Qe4 Qxe4+ 13. Nxe4 Bb7 14. Bd3 f6 15.
Bf4 f5 16. Neg5 Ke7 17. Nh4 g6 18. Ngf3 Bh6 19. Bxh6 Nxh6 20. O-O Nf7 21. Nd2
Ncxe5 22. Bc2 Nc4 23. Nxc4 bxc4 24. b3 c3 25. Nf3 e5 26. Rfe1 Kf6 27. b4 Rhd8
28. Bd3 Bd5 29. Bc2 Bc4 30. Re2 Bxe2 0-1

[Event "Sydney International Challengers"]
[Site "Parramatta, NSW"]
[Date "2010.04.07"]
[Round "1.18"]
[White "Mithran, Mirakla"]
[Black "Mithran, Mishael"]
[Result "1/2-1/2"]
[WhiteElo "1239"]
[BlackElo "667"]
[PlyCount "116"]
[EventDate "2010.04.07"]
[EventType "swiss"]
[EventRounds "9"]
[EventCountry "AUS"]
[SourceDate "2010.04.07"]

1. e4 e5 2. Nf3 d6 3. Nc3 Nc6 4. Bb5 Bd7 5. O-O Be7 6. d3 Nf6 7. Be3 O-O 8. a4
a6 9. Bc4 h6 10. Nh4 Ng4 11. Ng6 Re8 12. h3 Nxe3 13. fxe3 Be6 14. Bxe6 fxe6 15.
Nxe7+ Qxe7 16. Qg4 Nb4 17. Rf2 Rf8 18. Raf1 Rxf2 19. Rxf2 Rf8 20. Nb1 Qd7 21.
b3 Qe7 22. Rxf8+ Kxf8 23. Qf3+ Qf7 24. Qe2 Qd7 25. c3 Nc6 26. Qg4 Na5 27. Nd2
Qf7 28. b4 Nc6 29. Nf3 Qf6 30. Kf2 Ne7 31. Ke2 Ng6 32. Nd2 Ke7 33. Qf3 Qxf3+
34. Nxf3 Kf6 35. Kf2 c6 36. g4 b5 37. a5 c5 38. Kg3 cxb4 39. cxb4 d5 40. exd5
exd5 41. d4 exd4 42. Nxd4 Ne5 43. Nc2 g5 44. Nd4 Nd3 45. Nc2 Ke5 46. Kf3 Nb2
47. Ne1 d4 48. Ke2 Kd5 49. exd4 Kxd4 50. Kd2 Kc4 51. Kc2 Na4 52. Nd3 Kd4 53.
Kd2 Nc3 54. Kc2 Na4 55. Kd2 Nc3 56. Kc2 Na4 57. Kd2 Kc4 58. Kc2 Kd4 1/2-1/2

[Event "Sydney International Challengers"]
[Site "Parramatta, NSW"]
[Date "2010.04.07"]
[Round "1.19"]
[White "Christian, Kashish"]
[Black "Koh, Clarise"]
[Result "0-1"]
[WhiteElo "654"]
[BlackElo "1298"]
[PlyCount "144"]
[EventDate "2010.04.07"]
[EventType "swiss"]
[EventRounds "9"]
[EventCountry "AUS"]
[SourceDate "2010.04.07"]

1. e4 c5 2. Nf3 a6 3. Nc3 e6 4. d4 Nc6 5. Be3 cxd4 6. Nxd4 Bb4 7. Bd3 Bxc3+ 8.
bxc3 Nf6 9. O-O d6 10. Re1 e5 11. Nf5 Bxf5 12. exf5 e4 13. Bg5 d5 14. f3 Qb6+
15. Kh1 O-O-O 16. Bxf6 gxf6 17. fxe4 dxe4 18. Rxe4 Ne5 19. Qe1 Rhg8 20. Qh4 Qb2
21. Rae1 Nxd3 22. Rg1 Qxc2 23. Rc4+ Kb8 24. Rf4 Qxc3 25. Rf3 Qe5 26. h3 Qd4 27.
Qxd4 Rxd4 28. Kh2 Ne5 29. Re3 Rd2 30. a3 Rf2 31. Rb3 Rxf5 32. Rgb1 b5 33. a4
Nc4 34. axb5 a5 35. Rg3 Rgg5 36. Rxg5 fxg5 37. b6 Kb7 38. Re1 Kxb6 39. Re8 h6
40. Re4 Kb5 41. g4 Re5 42. Rd4 f5 43. Kg3 Re3+ 44. Kf2 f4 45. Kg2 a4 46. Rd1 a3
47. Ra1 Kb4 48. Kf2 Kb3 49. Kg2 a2 50. Kh2 Kb2 51. Rxa2+ Kxa2 52. Kg2 f3+ 53.
Kf2 Kb2 54. Kf1 Re2 55. Kg1 f2+ 56. Kf1 Rc2 57. Kg2 f1=Q+ 58. Kxf1 Rd2 59. Kg1
Ne3 60. Kh1 Nf1 61. Kg1 Ng3 62. h4 gxh4 63. g5 Rd1+ 64. Kg2 hxg5 65. Kh2 Rh1+
66. Kg2 g4 67. Kf2 Ne4+ 68. Kg2 Re1 69. Kh2 Re2+ 70. Kg1 h3 71. Kh1 Ng3+ 72.
Kg1 Rg2# 0-1

[Event "Sydney International Challengers"]
[Site "Parramatta, NSW"]
[Date "2010.04.07"]
[Round "1.20"]
[White "Jones, Peter"]
[Black "Willathgamuwa, Kevin"]
[Result "1-0"]
[WhiteElo "1834"]
[BlackElo "602"]
[PlyCount "121"]
[EventDate "2010.04.07"]
[EventType "swiss"]
[EventRounds "9"]
[EventCountry "AUS"]
[SourceDate "2010.04.07"]

1. Nf3 Nf6 2. d3 d5 3. b3 Nc6 4. e3 e5 5. c4 Bf5 6. Bb2 dxc4 7. bxc4 Bd6 8. Qc1
Qe7 9. Be2 O-O 10. O-O Rad8 11. Nc3 Qd7 12. Nd5 Nxd5 13. cxd5 Nb4 14. e4 Bg6
15. Qc3 f6 16. d4 exd4 17. Nxd4 Bf7 18. Nf5 Rfe8 19. Nxd6 Qxd6 20. Bf3 Bg6 21.
Ba3 a5 22. Rfe1 Qe5 23. Bxb4 Qxc3 24. Bxc3 b6 25. e5 fxe5 26. Bxe5 Bf7 27. Bxc7
Rxe1+ 28. Rxe1 Rd7 29. Bxb6 Bxd5 30. Bxd5+ Rxd5 31. h3 Rb5 32. Re8+ Kf7 33. Rb8
Rb2 34. Rb7+ Ke6 35. a3 Kd5 36. Rxg7 Rxb6 37. Rg5+ Kc4 38. Rxa5 Rb1+ 39. Kh2
Rb2 40. f3 Ra2 41. f4 Kb3 42. f5 Rxa3 43. Rxa3+ Kxa3 44. f6 Kb4 45. f7 Kc5 46.
f8=Q+ Kd5 47. Qe7 h6 48. Qh7 Ke5 49. Qxh6 Ke4 50. Qf6 Kd5 51. h4 Ke4 52. h5 Kd5
53. Qe7 Kd4 54. h6 Kd5 55. h7 Kd4 56. h8=R Kd5 57. Rd8+ Kc6 58. Qd6+ Kb5 59.
Qc7 Kb4 60. Rb8+ Ka4 61. Qa7# 1-0

[Event "Sydney International Challengers"]
[Site "Parramatta, NSW"]
[Date "2010.04.07"]
[Round "1.21"]
[White "Nakauchi, Ray"]
[Black "Webster, David"]
[Result "0-1"]
[WhiteElo "541"]
[BlackElo "1812"]
[PlyCount "164"]
[EventDate "2010.04.07"]
[EventType "swiss"]
[EventRounds "9"]
[EventCountry "AUS"]
[SourceDate "2010.04.07"]

1. d4 d5 2. c4 e6 3. Nf3 Nf6 4. e3 Nbd7 5. a3 a5 6. Bd2 c6 7. Nc3 Bd6 8. Be2
O-O 9. O-O e5 10. dxe5 Nxe5 11. cxd5 Nxd5 12. Nxd5 cxd5 13. Bc3 Ng6 14. Qd4 f6
15. Qxd5+ Kh8 16. Qd4 Qe7 17. Bd3 Rd8 18. Qe4 Be6 19. Nh4 Nf8 20. Rad1 Qc7 21.
f4 Bg4 22. Rc1 Qd7 23. f5 Bh5 24. Rce1 Bxh2+ 25. Kxh2 Qxd3 26. Qxb7 Nd7 27. Bd4
Rab8 28. Qc7 Qb5 29. Rb1 Rbc8 30. Qg3 Nc5 31. Bxc5 Rxc5 32. b4 axb4 33. axb4
Re5 34. Rfc1 Rde8 35. Rc7 R5e7 36. Rxe7 Rxe7 37. Qd6 Qe5+ 38. Qxe5 Rxe5 39. b5
Re8 40. b6 Bf7 41. e4 Rb8 42. Nf3 Bc4 43. Rb4 Ba6 44. Rd4 Bb7 45. Nd2 Kg8 46.
Nc4 Ba6 47. g4 Bxc4 48. Rxc4 Rxb6 49. Rc3 Rb4 50. Re3 Kf7 51. g5 fxg5 52. e5
Rf4 53. e6+ Ke7 54. Re5 Rg4 55. Rb5 Re4 56. Rb7+ Kf6 57. Rb5 g6 58. fxg6 Kxg6
59. e7 Rxe7 60. Rb6+ Kf5 61. Rb2 g4 62. Rf2+ Kg5 63. Kg2 Kh4 64. Rf4 Re2+ 65.
Kf1 Ra2 66. Kg1 Kg3 67. Rf5 Ra1+ 68. Rf1 Rxf1+ 69. Kxf1 Kh2 70. Kf2 g3+ 71. Kf3
g2 72. Kf4 g1=Q 73. Ke5 Kg3 74. Ke4 Qf2 75. Kd3 Kf3 76. Kc4 Ke4 77. Kc3 Qe2 78.
Kb4 Kd4 79. Kb3 Qd2 80. Ka4 Qb2 81. Ka5 Kc5 82. Ka4 Qb4# 0-1

[Event "Sydney International Challengers"]
[Site "Parramatta, NSW"]
[Date "2010.04.07"]
[Round "1.22"]
[White "Chau, Adrian"]
[Black "Willathgamuwa, Rowan"]
[Result "1-0"]
[WhiteElo "1665"]
[BlackElo "424"]
[PlyCount "115"]
[EventDate "2010.04.07"]
[EventType "swiss"]
[EventRounds "9"]
[EventCountry "AUS"]
[SourceDate "2010.04.07"]

1. e4 c5 2. Nf3 Nc6 3. d4 cxd4 4. Nxd4 Nf6 5. Nc3 e5 6. Ndb5 d6 7. a4 a6 8. Na3
Be6 9. Be2 d5 10. exd5 Bxd5 11. O-O Bc5 12. Bg5 Qd6 13. Bxf6 gxf6 14. Qxd5 Qxd5
15. Nxd5 O-O-O 16. Nxf6 Nd4 17. Bd3 h5 18. Nc4 Rh6 19. Ne4 Ba7 20. Nxe5 Rg8 21.
Kh1 f5 22. Nd2 Rf6 23. c3 Ne6 24. Bc4 Rg7 25. f4 Be3 26. Bxe6+ Rxe6 27. Ndc4
Bc5 28. b3 Rge7 29. Rad1 Kc7 30. Rd5 Ba7 31. Rfd1 Rh7 32. Rd7+ Rxd7 33. Rxd7+
Kc8 34. Rf7 Bb8 35. Rxf5 Bxe5 36. Rxe5 Rf6 37. g3 h4 38. Kg2 hxg3 39. hxg3 Kd7
40. Kf3 Kc6 41. a5 Rf7 42. f5 Rd7 43. Ke4 Rg7 44. f6 Rf7 45. Kf5 Rf8 46. g4 Rf7
47. Re7 Rf8 48. f7 Kd5 49. Ne5 Kd6 50. Re8 Rxf7+ 51. Nxf7+ Kd7 52. Re6 Kc7 53.
g5 Kd7 54. g6 Kc7 55. g7 b5 56. g8=Q Kb7 57. Rb6+ Kc7 58. Qd8# 1-0

[Event "Sydney International Challengers"]
[Site "Parramatta, NSW"]
[Date "2010.04.07"]
[Round "2.1"]
[White "Jones, Peter"]
[Black "Weller, Tony"]
[Result "0-1"]
[WhiteElo "1834"]
[BlackElo "1708"]
[PlyCount "84"]
[EventDate "2010.04.07"]
[EventType "swiss"]
[EventRounds "9"]
[EventCountry "AUS"]
[SourceDate "2010.04.07"]

1. e4 c5 2. Nc3 e6 3. Nf3 Nc6 4. Be2 d5 5. e5 Nge7 6. Na4 Ng6 7. Bb5 Bd7 8.
Bxc6 Bxc6 9. b3 Be7 10. Ba3 Bxa4 11. bxa4 O-O 12. d4 Qa5+ 13. Qd2 Qxa4 14. Bxc5
Bxc5 15. dxc5 Qe4+ 16. Qe2 Qxe2+ 17. Kxe2 Rfc8 18. Rhb1 Rab8 19. Rb5 a6 20. Rb6
Rxc5 21. Nd4 Nxe5 22. Rab1 Rc4 23. Rxb7 Rxb7 24. Rxb7 Kf8 25. f4 Rxd4 26. fxe5
g6 27. Kf3 Ra4 28. g4 Rxa2 29. Rb8+ Kg7 30. h4 Rxc2 31. Kf4 Rc4+ 32. Kg3 a5 33.
h5 gxh5 34. gxh5 a4 35. h6+ Kxh6 36. Ra8 Kg5 37. Rg8+ Kf5 38. Rg7 a3 39. Rxh7
Ra4 40. Rh5+ Kg6 41. Rh4 Rxh4 42. Kxh4 a2 0-1

[Event "Sydney International Challengers"]
[Site "Parramatta, NSW"]
[Date "2010.04.07"]
[Round "2.2"]
[White "Ali, Mosaddeque"]
[Black "Chau, Adrian"]
[Result "1-0"]
[WhiteElo "1690"]
[BlackElo "1665"]
[PlyCount "84"]
[EventDate "2010.04.07"]
[EventType "swiss"]
[EventRounds "9"]
[EventCountry "AUS"]
[SourceDate "2010.04.07"]

1. e4 c5 2. Nc3 Nc6 3. f4 g6 4. Nf3 Bg7 5. Bc4 e6 6. O-O Nge7 7. d3 O-O 8. Qe1
d5 9. Bb3 Nd4 10. Ne2 Nxb3 11. axb3 dxe4 12. dxe4 b6 13. Ng3 Qc7 14. c3 Kh8 15.
Nh4 Bf6 16. Nf3 a6 17. e5 Bg7 18. Ne4 Bb7 19. Nfg5 h6 20. Qh4 Nf5 21. Qh3 Bxe4
22. Nxe4 Kg8 23. g4 Ne7 24. Bd2 Qc6 25. Rae1 Rad8 26. Rf2 Nd5 27. c4 Nb4 28.
Nf6+ Kh8 29. f5 Rd3 30. Qh4 Rxd2 31. Rxd2 exf5 32. gxf5 Qf3 33. Nd7 Nd3 34.
Ree2 Nf4 35. Rf2 Nh3+ 36. Kf1 Nxf2 37. Qxf2 Qxf2+ 38. Kxf2 Rd8 39. f6 Bf8 40.
Rd5 Kg8 41. Nxb6 Rb8 42. Nd7 h5 1-0

[Event "Sydney International Challengers"]
[Site "Parramatta, NSW"]
[Date "2010.04.07"]
[Round "2.3"]
[White "Webster, David"]
[Black "Stahnke, Alexander"]
[Result "0-1"]
[WhiteElo "1812"]
[BlackElo "1800"]
[PlyCount "116"]
[EventDate "2010.04.07"]
[EventType "swiss"]
[EventRounds "9"]
[EventCountry "AUS"]
[SourceDate "2010.04.07"]

1. e4 b6 2. d4 Bb7 3. Bd3 g6 4. Ne2 Bg7 5. O-O e6 6. Nbc3 Ne7 7. Be3 a6 8. Qd2
h6 9. f4 d5 10. exd5 Nxd5 11. Be4 c6 12. Nd1 Nf6 13. Bf3 Qc7 14. c4 O-O 15. f5
g5 16. Ng3 Rd8 17. Qf2 Nbd7 18. fxe6 fxe6 19. Nc3 Rf8 20. Qc2 Rae8 21. Nh5 g4
22. Nxg7 Kxg7 23. Be2 c5 24. Qd2 Rh8 25. Bd3 cxd4 26. Bxd4 e5 27. Be3 e4 28.
Be2 Ne5 29. Bd4 e3 30. Qc2 Qc6 31. Bd3 Rhf8 32. Bxe5 Rxe5 33. Rae1 Qc5 34. Re2
Nd7 35. Rxf8 Nxf8 36. Ne4 Bxe4 37. Bxe4 Ne6 38. Qd3 Nf4 39. Qd7+ Kf6 40. Qd8+
Kf7 41. Qd7+ Re7 42. Bd5+ Kf6 43. Qxg4 Nxe2+ 44. Qxe2 Re5 45. g4 Ke7 46. Kg2
Qb4 47. Kh3 Qd2 48. Qf3 Qf2 49. Qxf2 exf2 50. Kg2 Re2 51. b4 Rxa2 52. c5 Rd2
53. Bc4 b5 54. Bb3 Rd4 55. Kxf2 Rxg4 56. Bd5 Rxb4 57. Bb7 a5 58. c6 Kd6 0-1

[Event "Sydney International Challengers"]
[Site "Parramatta, NSW"]
[Date "2010.04.07"]
[Round "2.4"]
[White "Anderson Smith, William T"]
[Black "Dickson, Ian"]
[Result "0-1"]
[WhiteElo "1560"]
[BlackElo "1537"]
[PlyCount "106"]
[EventDate "2010.04.07"]
[EventType "swiss"]
[EventRounds "9"]
[EventCountry "AUS"]
[SourceDate "2010.04.07"]

1. d4 Nf6 2. c4 Nc6 3. Nc3 e5 4. e3 Bb4 5. a3 Bxc3+ 6. bxc3 O-O 7. g3 d6 8. Bg2
Re8 9. Ne2 Na5 10. O-O Rb8 11. Rb1 Nxc4 12. Qc2 e4 13. a4 d5 14. Qa2 b6 15. Re1
Ba6 16. Nf4 Qd6 17. Bf1 c6 18. Ra1 Qd7 19. Ba3 Qc8 20. Reb1 Nxa3 21. Bh3 Qc7
22. Qxa3 g5 23. a5 gxf4 24. gxf4 bxa5 25. Rc1 Bb5 26. Qxa5 Qxa5 27. Rxa5 a6 28.
Ra2 Kh8 29. Kh1 Rg8 30. Bf1 Rb6 31. h3 Nd7 32. Kh2 Bxf1 33. Rxf1 f5 34. Rc2 Ra8
35. Rg1 Rg8 36. Rf1 Kg7 37. c4 Nf6 38. cxd5 Nxd5 39. Rc5 Kf6 40. Rc2 Ke6 41.
Rc5 Kd6 42. Rfc1 Rg7 43. R5c2 a5 44. Ra2 Rb5 45. Rac2 Nb4 46. Rd2 Nd3 47. Rf1
Rb2 48. Rxb2 Nxb2 49. h4 Nd3 50. Kh3 a4 51. h5 a3 52. Kh4 a2 53. h6 Ra7 0-1

[Event "Sydney International Challengers"]
[Site "Parramatta, NSW"]
[Date "2010.04.07"]
[Round "2.5"]
[White "Chau, Bernard"]
[Black "Eustace, Sophie"]
[Result "1/2-1/2"]
[WhiteElo "1517"]
[BlackElo "1451"]
[PlyCount "89"]
[EventDate "2010.04.07"]
[EventType "swiss"]
[EventRounds "9"]
[EventCountry "AUS"]
[SourceDate "2010.04.07"]

1. d4 d5 2. c4 e6 3. Nc3 c6 4. e3 Nf6 5. Nf3 Be7 6. a3 Nbd7 7. b4 O-O 8. Qc2
Qc7 9. Bb2 b6 10. Na4 dxc4 11. Bxc4 c5 12. Bd3 Bb7 13. Rc1 Rac8 14. Qe2 Qd6 15.
dxc5 bxc5 16. b5 Rfd8 17. O-O Ng4 18. e4 Nde5 19. Nxe5 Nxe5 20. Bb1 Ng6 21. g3
Qc7 22. Bc3 c4 23. Qb2 a6 24. Bb4 axb5 25. Bxe7 Qxe7 26. Qxb5 Ra8 27. Nc5 Rxa3
28. Nxb7 Rb8 29. Rxc4 Rxb7 30. Rc8+ Nf8 31. Qc6 Ra1 32. Bd3 Rxf1+ 33. Bxf1 Qd7
34. Qc5 Qe7 35. Qa5 Ra7 36. Ba6 Qd6 37. e5 Qe7 38. Qb6 g6 39. Bb7 Qxb7 40.
Rxf8+ Kxf8 41. Qd8+ Kg7 42. Qf6+ Kf8 43. Qd8+ Kg7 44. Qf6+ Kh6 45. Qh4+ 1/2-1/2

[Event "Sydney International Challengers"]
[Site "Parramatta, NSW"]
[Date "2010.04.07"]
[Round "2.6"]
[White "Wan, Dennis"]
[Black "Reynolds, Paul"]
[Result "1-0"]
[WhiteElo "1537"]
[BlackElo "1443"]
[PlyCount "75"]
[EventDate "2010.04.07"]
[EventType "swiss"]
[EventRounds "9"]
[EventCountry "AUS"]
[SourceDate "2010.04.07"]

1. d4 Nf6 2. c4 e6 3. Nf3 c5 4. g3 cxd4 5. Nxd4 Bb4+ 6. Bd2 Bxd2+ 7. Nxd2 Nc6
8. N2b3 Nxd4 9. Qxd4 O-O 10. Bg2 d6 11. Rd1 Ne8 12. O-O e5 13. Qxe5 dxe5 14.
Rxd8 Nc7 15. Rfd1 Ne6 16. Rxf8+ Kxf8 17. Rd5 f6 18. Nc5 Ke7 19. e3 Rb8 20. b3
b6 21. Nxe6 Bxe6 22. Rd2 Rc8 23. Kf1 Rc5 24. Ke2 f5 25. h4 f4 26. Bd5 fxg3 27.
fxg3 Bxd5 28. cxd5 e4 29. Rd4 Rc2+ 30. Kf1 Rc1+ 31. Kg2 Rc2+ 32. Kh3 Kd6 33.
Rxe4 Rd2 34. Ra4 Kxd5 35. Rxa7 Ke4 36. Rxg7 Kxe3 37. Rxh7 Rxa2 38. Rb7 1-0

[Event "Sydney International Challengers"]
[Site "Parramatta, NSW"]
[Date "2010.04.07"]
[Round "2.7"]
[White "Nakauchi, Kenji"]
[Black "Plant, John Stuart"]
[Result "0-1"]
[WhiteElo "1262"]
[BlackElo "1700"]
[PlyCount "106"]
[EventDate "2010.04.07"]
[EventType "swiss"]
[EventRounds "9"]
[EventCountry "AUS"]
[SourceDate "2010.04.07"]

1. d4 d6 2. c4 Nf6 3. Nc3 Nbd7 4. e3 e5 5. Nf3 c6 6. Bd3 Qc7 7. O-O Be7 8. Re1
O-O 9. d5 a5 10. e4 h6 11. b3 Nc5 12. Bc2 Bg4 13. Bb2 Rfd8 14. Re3 Nh5 15. h3
Bxf3 16. Qxf3 Nf4 17. Ne2 Nxe2+ 18. Rxe2 cxd5 19. exd5 Bf8 20. Bc1 Qe7 21. Qg4
g6 22. h4 Qf6 23. Re3 h5 24. Qg3 Qg7 25. Bb2 Qh6 26. Rae1 Bg7 27. Bc1 Qh8 28.
Rf3 Rf8 29. Qg5 Rae8 30. Qd2 b6 31. b4 e4 32. Rg3 axb4 33. Re2 Be5 34. Rh3 Bc3
35. Qh6 Qd4 36. Bd2 Qxc4 37. Qe3 Bd4 38. Bb3 Nxb3 39. axb3 Qxd5 40. Qf4 Bc5 41.
Qg5 Qxg5 42. Bxg5 Re6 43. Be3 d5 44. Rd2 Rd8 45. Bxc5 bxc5 46. Rc2 Rc6 47. Re3
f5 48. Re1 Kf7 49. Rd1 Ke6 50. Rcd2 Ke5 51. Kf1 d4 52. Ke2 d3+ 53. Ke3 f4# 0-1

[Event "Sydney International Challengers"]
[Site "Parramatta, NSW"]
[Date "2010.04.07"]
[Round "2.8"]
[White "Wan, Kinto"]
[Black "Dale, Ari"]
[Result "1-0"]
[WhiteElo "1538"]
[BlackElo "1388"]
[PlyCount "73"]
[EventDate "2010.04.07"]
[EventType "swiss"]
[EventRounds "9"]
[EventCountry "AUS"]
[SourceDate "2010.04.07"]

1. e4 c6 2. d4 d5 3. e5 Bf5 4. Nc3 e6 5. g4 Bg6 6. Bd3 Bxd3 7. Qxd3 Qd7 8. Be3
h5 9. gxh5 Ne7 10. Nge2 Qc7 11. Ng3 Nd7 12. f4 O-O-O 13. f5 Kb8 14. O-O-O a6
15. fxe6 fxe6 16. Nce2 c5 17. Qc3 Nc6 18. Rdf1 c4 19. Qd2 Re8 20. c3 b5 21. Qc2
Qa5 22. Kb1 Ka8 23. Qg6 Rb8 24. Qxe6 Qb6 25. Qxd7 b4 26. Bd2 bxc3 27. Bxc3 Ba3
28. Kc2 Rhd8 29. Qf5 Bb4 30. Rb1 Qa5 31. Kd2 Bxc3+ 32. bxc3 Qxa2+ 33. Qc2 Qa5
34. Rxb8+ Rxb8 35. Rb1 Rf8 36. Qb2 Qc7 37. Qb6 1-0

[Event "Sydney International Challengers"]
[Site "Parramatta, NSW"]
[Date "2010.04.07"]
[Round "2.9"]
[White "Roche, Stephen"]
[Black "Koh, Cedric"]
[Result "0-1"]
[WhiteElo "1168"]
[BlackElo "1461"]
[PlyCount "50"]
[EventDate "2010.04.07"]
[EventType "swiss"]
[EventRounds "9"]
[EventCountry "AUS"]
[SourceDate "2010.04.07"]

1. e4 e5 2. Nf3 Nc6 3. Bb5 a6 4. Ba4 Nf6 5. O-O Be7 6. Re1 b5 7. Bb3 O-O 8. c3
d5 9. exd5 Nxd5 10. Nxe5 Nxe5 11. Rxe5 c6 12. d4 Bd6 13. Re1 Qh4 14. g3 Qh3 15.
Nd2 Bg4 16. Nf3 Qh5 17. Bxd5 cxd5 18. Kg2 f5 19. Qd3 f4 20. Ne5 Bf5 21. Qd1 f3+
22. Kh1 Qh3 23. Rg1 Be4 24. Bf4 Rf5 25. Qb3 Qxh2+ 0-1

[Event "Sydney International Challengers"]
[Site "Parramatta, NSW"]
[Date "2010.04.07"]
[Round "2.10"]
[White "Simmonds, Leteisha"]
[Black "Zhou, Thomas"]
[Result "0-1"]
[WhiteElo "1424"]
[BlackElo "1271"]
[PlyCount "132"]
[EventDate "2010.04.07"]
[EventType "swiss"]
[EventRounds "9"]
[EventCountry "AUS"]
[SourceDate "2010.04.07"]

1. e4 c5 2. Nf3 e6 3. c3 Nc6 4. d4 cxd4 5. cxd4 d5 6. e5 Bb4+ 7. Bd2 Qb6 8.
Bxb4 Qxb4+ 9. Qd2 Qxd2+ 10. Kxd2 Nge7 11. Nc3 O-O 12. g4 f6 13. exf6 Rxf6 14.
Ke3 Ng6 15. h3 Nb4 16. Rc1 Bd7 17. a3 Nc6 18. Ne2 Raf8 19. Bg2 Nf4 20. Nxf4
Rxf4 21. Rcd1 Na5 22. Rc1 Nc4+ 23. Ke2 Nxb2 24. Rb1 Bb5+ 25. Kd2 Nc4+ 26. Kc1
Ba6 27. a4 Rxf3 28. Bxf3 Rxf3 29. Rh2 Rc3+ 30. Kd1 Rd3+ 31. Ke1 Rxd4 32. Ra1
Re4+ 33. Kd1 Nb2+ 34. Kc2 Nxa4 35. Kb3 Nc5+ 36. Kc2 d4 37. Ra3 Re2+ 38. Kd1 d3
39. Rg2 Ne4 40. Rb3 Nxf2+ 41. Rxf2 Rxf2 42. Rb4 Re2 43. h4 e5 44. g5 e4 45. Rd4
e3 46. h5 d2 47. g6 Re1+ 48. Kc2 d1=Q+ 49. Rxd1 Rxd1 50. Kxd1 e2+ 51. Kd2 hxg6
52. hxg6 Kf8 53. Ke1 Ke7 54. Kd2 Kf6 55. Ke1 Kxg6 56. Kd2 Kf6 57. Ke1 g5 58.
Kf2 g4 59. Ke1 g3 60. Kd2 g2 61. Kc2 e1=Q 62. Kb2 g1=R 63. Ka2 Qd2+ 64. Kb3
Rg3+ 65. Ka4 Qd4+ 66. Ka5 Ra3# 0-1

[Event "Sydney International Challengers"]
[Site "Parramatta, NSW"]
[Date "2010.04.07"]
[Round "2.11"]
[White "Koh, Clarise"]
[Black "Childs, Stephen"]
[Result "1-0"]
[WhiteElo "1298"]
[BlackElo "1132"]
[PlyCount "105"]
[EventDate "2010.04.07"]
[EventType "swiss"]
[EventRounds "9"]
[EventCountry "AUS"]
[SourceDate "2010.04.07"]

1. e4 c5 2. Nf3 d6 3. d4 cxd4 4. Nxd4 Nf6 5. Nc3 a6 6. f3 e6 7. Be3 Nc6 8. Qd2
Be7 9. Be2 O-O 10. g4 Nxd4 11. Bxd4 e5 12. Be3 b5 13. h4 Bb7 14. h5 d5 15. g5
d4 16. gxf6 dxe3 17. Qxe3 Bxf6 18. Bd3 Bh4+ 19. Ke2 Bg5 20. Qf2 Rc8 21. Rag1 f6
22. h6 g6 23. Qa7 Qc7 24. Qf2 b4 25. Nd5 Bxd5 26. exd5 Rfd8 27. b3 Qc3 28. Qe1
Qd4 29. Qf2 Qc3 30. Rd1 a5 31. Qa7 Qc7 32. Qf2 Kh8 33. Bc4 Rd6 34. Kf1 Re8 35.
Re1 f5 36. f4 Bf6 37. Qd4 e4 38. Qf2 Rd7 39. Bb5 Rde7 40. Bxe8 Rxe8 41. Kg2 Qc3
42. Rh3 Qc7 43. Rd1 Rd8 44. Qe2 Qb7 45. Qc4 Rc8 46. Qe2 Rd8 47. d6 Qc6 48. Qc4
Qb7 49. Qc7 Qxc7 50. dxc7 Rc8 51. Rd7 g5 52. fxg5 Bxg5 53. Rh5 1-0

[Event "Sydney International Challengers"]
[Site "Parramatta, NSW"]
[Date "2010.04.07"]
[Round "2.13"]
[White "Tenorio, Leonardo"]
[Black "Mithran, Mirakla"]
[Result "1/2-1/2"]
[WhiteElo "1644"]
[BlackElo "1239"]
[PlyCount "99"]
[EventDate "2010.04.07"]
[EventType "swiss"]
[EventRounds "9"]
[EventCountry "AUS"]
[SourceDate "2010.04.07"]

1. e4 c5 2. Nf3 Nc6 3. d4 cxd4 4. Nxd4 g6 5. Nc3 Bg7 6. Be3 e6 7. Be2 Nge7 8.
f3 O-O 9. Qd2 d5 10. Nxc6 bxc6 11. O-O-O Qc7 12. h4 f5 13. h5 f4 14. Bc5 g5 15.
g3 h6 16. gxf4 Rxf4 17. Be3 Rf6 18. Rhg1 c5 19. exd5 Nf5 20. Ne4 Rf7 21. Bxc5
exd5 22. Qxd5 Qf4+ 23. Kb1 Rb8 24. c3 Bb7 25. Qd3 Rc7 26. Bd6 Bxe4 27. Bxf4
Bxd3+ 28. Bxd3 gxf4 29. Bxf5 Rxc3 30. Be4 Rc5 31. Rg2 Kh8 32. b3 a5 33. Rc2
Rcb5 34. Rc7 Rg5 35. Bg6 a4 36. Kc2 Rg2+ 37. Kd3 Rxa2 38. bxa4 Rxa4 39. Rdc1
Rd8+ 40. Ke2 Rad4 41. R1c2 R4d5 42. Kf1 Rd1+ 43. Kg2 R1d5 44. Kh3 Rg5 45. Rc8
Rg3+ 46. Kh2 Rf8 47. Rxf8+ Bxf8 48. Rc8 Kg8 49. Be4 Rg5 50. Bg6 1/2-1/2